00591nam a2200205 a 450000100060000000300080000600500170001400800410003102000150007203500190008704000270010604100080013308200240014110000240016524500420018926000630023130000320029450400350032665000240036150420BD-RjUL20211209075515.0160827r19941988ii a b 001 0 eng d a812240006X a(BD-RjUL)50540 aDLCcDLCbengdBD-RjUL aeng a511.8223bKAM 19941 aKapur, J. N.d1923-10aMathematical modelling /cJ.N. Kapur. aNew Delhi :bWiley Eastern Limited,c1988 [reprinted 1994] axi, 259 p. :bill. ;c25 cm aInclude Bibliography and Index 0aMathematical models